000 00670nam a2200241Ia 4500
003 OSt
005 20221007065311.0
006 a|||||r|||| 00| 0
007 ta
008 221006b |||||||| |||| 00| 0 eng d
024 _a5,003
037 _cTextual
040 _aFLL
_cFLL
_beng
041 _2eng
_aeng
082 _aZ3,2673, M9
100 _aCornish W.R. Au.
245 0 _aIntellectual property
_b Patents, copyright, trade marks and allied rights
250 _a2nd
260 _aDelhi
_bUniversity book traders India
_c1983
300 _a525p
_ccm.
942 _hZ3,2673, M9
_cTEXL
_2CC
999 _c1136911
_d1136911